<Les> défaillances d'entreprises aspects économiques, juridiques et théoriques

Saved in:
Bibliographic Details
Main Author: Combier, Jérôme
Other Authors: Blazy, Régis
Format: Book
Language:French
Published: Paris Presses Universitaires de France 1998
Series:Que sais - je ? 3311
Subjects:
Tags: Add Tag
No Tags, Be the first to tag this record!

MARC

LEADER 00000nam$a2200000$$$4500
001 0115399
005 20240111125156.6
020 |a 2-13-048725-4 
041 0 |a fre 
044 |a FR 
245 1 0 |a <Les> défaillances d'entreprises  |b aspects économiques, juridiques et théoriques  |c Jérôme Combier, Régis Blazy 
264 1 |a Paris  |b Presses Universitaires de France  |c 1998 
300 |a 127 s. 
490 1 |a Que sais - je ?  |v 3311 
830 0 |a Que sais - je ?  |v 3311 
610 2 0 |a podnik 
610 2 0 |a podnikanie 
100 1 |a Combier, Jérôme 
700 1 |a Blazy, Régis